NPB Baseball Team Logos - Statistics

General Stats
  • This quiz has been taken 16 times
  • The average score is 9 of 12
Answer Stats
Picture Answer % Correct
Hanshin Tigers
93%
Yomiuri Giants
93%
Saitama Seibu Lions
79%
Tohoku Rakuten Golden Eagles
79%
Tokyo Yakult Swallows
79%
Yokohama DeNA Baystars
79%
Chunichi Dragons
71%
Fukuoka SoftBank Hawks
71%
Hiroshima Toyo Carp
71%
Chiba Lotte Marines
64%
Hokkaido Nippon-Ham Fighters
64%
Orix Buffaloes
64%
No matching quizzes found
Score Distribution
Percent of People with Each Score
Percentile by Number Answered
Your Score History
You have not taken this quiz